[Event "Poznan op 27th"]
[Site "Poznan"]
[Date "2019.08.23"]
[Round "7"]
[White "Huchwajda, Lukasz"]
[Black "Sliwerski, Radoslaw"]
[Result "0-1"]
[WhiteElo "1980"]
[BlackElo "2041"]
[PlyCount "140"]
[EventDate "2019.08.18"]
[EventType "swiss"]
[EventRounds "9"]
[EventCountry "POL"]
[SourceTitle "EXT 2020"]
[Source "ChessBase"]
[SourceDate "2019.10.17"]
[SourceVersion "1"]
[SourceVersionDate "2019.10.17"]
[SourceQuality "1"]

1. Nf3 d5 2. c4 e6 3. g3 Nf6 4. Bg2 c5 5. 0-0 Be7 6. b3 0-0 7. Bb2 d4 8. e3 Nc6 9. exd4 cxd4 10. Re1 Re8 11. d3 Qb6 12. Na3 e5 13. Nc2 Bf8 14. h3 a5 15. Bc1 h6 16. g4 Bd7 17. Nd2 Nb4 18. Ne4 Nxe4 19. Bxe4 Bc6 20. Nxb4 Bxb4 21. Re2 Bxe4 22. Rxe4 Qg6 23. Qf3 Ra6 24. Bb2 Re7 25. a3 Bd6 26. Bc1 f5 27. Qxf5 Qxf5 28. gxf5 Rf7 29. Rg4 Kf8 30. Bd2 Rxf5 31. Re4 Rf3 32. c5 Bc7 33. b4 Rxd3 34. Be1 Rxh3 35. Kg2 Rb3 36. bxa5 Bxa5 37. Rxe5 Bc3 38. Rd1 Bxe1 39. Rexe1 d3 40. Re3 Raxa3 41. Kf3 Rc3 42. Re5 Rc2 43. Rd5 d2+ 44. Ke2 Raa2 45. Rd7 Rxc5 46. Rxb7 Re5+ 47. Kd3 Rd5+ 48. Ke4 Rc5 49. Rd7 Rc4+ 50. Ke3 Rcc2 51. f3 Kg8 52. Rg1 Rc3+ 53. Ke4 Ra4+ 54. Ke5 Re3+ 55. Kf5 Rxf3+ 56. Ke5 Rf7 57. Rxd2 Ra8 58. Rd6 Re8+ 59. Kd5 Kh7 60. Rdg6 Ree7 61. Kd6 Re2 62. Kd5 Ref2 63. Ke5 R2f6 64. R6g2 Re7+ 65. Kd5 g5 66. Rh2 Kg6 67. Rgh1 Kg7 68. Rg1 Ra7 69. Ke5 Ra5+ 70. Ke4 Rf4+ 0-1

[Event "Poznan op 27th"]
[Site "Poznan"]
[Date "2019.08.19"]
[Round "3"]
[White "Huchwajda, Lukasz"]
[Black "Rusinski, Mateusz"]
[Result "1-0"]
[WhiteElo "1980"]
[BlackElo "1813"]
[PlyCount "91"]
[EventDate "2019.08.18"]
[EventType "swiss"]
[EventRounds "9"]
[EventCountry "POL"]
[SourceTitle "EXT 2020"]
[Source "ChessBase"]
[SourceDate "2019.10.17"]
[SourceVersion "1"]
[SourceVersionDate "2019.10.17"]
[SourceQuality "1"]

1. e4 e5 2. Nf3 Nc6 3. Nc3 Nf6 4. Bb5 Nd4 5. Bc4 Nxf3+ 6. Qxf3 d6 7. d3 Bg4 8. Qg3 Qd7 9. f3 Be6 10. Be3 g6 11. Qf2 a6 12. g4 h6 13. 0-0-0 Bg7 14. Bb3 0-0-0 15. d4 Bxb3 16. cxb3 exd4 17. Bxd4 Kb8 18. Kb1 Rhg8 19. Rc1 Rc8 20. Rhd1 Qe6 21. Rc2 Nd7 22. Ba7+ Ka8 23. Nd5 c5 24. Bb6 Kb8 25. Ba5 Bd4 26. Qg3 Ne5 27. h3 Nc6 28. Bd2 f5 29. Nb6 Rcd8 30. Re1 fxg4 31. hxg4 h5 32. g5 Ka7 33. Nd5 Rd7 34. Bc3 Rf8 35. f4 Ne7 36. Bxd4 Nxd5 37. exd5 Qxd5 38. Bf6 Qf5 39. Qe3 Rff7 40. Qe4 Qh3 41. Qxg6 Qg3 42. Qe4 h4 43. b4 b6 44. Rc3 Qg4 45. f5 Qh5 46. Rh3 1-0

[Event "Poznan op 26th"]
[Site "Poznan"]
[Date "2018.08.19"]
[Round "2"]
[White "Huchwajda, Lukasz"]
[Black "Chaczynski, Kamil"]
[Result "1-0"]
[WhiteElo "1945"]
[BlackElo "1760"]
[PlyCount "67"]
[EventDate "2018.08.19"]
[EventType "swiss"]
[EventRounds "9"]
[EventCountry "POR"]
[SourceTitle "CBM 186 Extra"]
[Source "ChessBase"]
[SourceDate "2018.08.24"]
[SourceVersion "1"]
[SourceVersionDate "2018.08.24"]
[SourceQuality "1"]

1. Nf3 Nf6 2. g3 g6 3. Bg2 Bg7 4. 0-0 0-0 5. c4 c6 6. b3 Ne4 7. d4 d5 8. Bb2 Nd7 9. Nfd2 Nxd2 10. Nxd2 dxc4 11. Nxc4 Nb6 12. Qd2 Be6 13. Rac1 Rc8 14. a4 Bxc4 15. bxc4 Nxa4 16. Ba1 Qc7 17. c5 Qd7 18. Qa5 b5 19. d5 Bxa1 20. dxc6 Qc7 21. Qxb5 Nc3 22. Qc4 Bb2 23. Rxc3 Bxc3 24. Qxc3 Rfd8 25. Bf3 Rb8 26. Ra1 Rb5 27. Ra6 Rd1+ 28. Kg2 Rbb1 29. Qa5 Rg1+ 30. Kh3 Qc8+ 31. Bg4 f5 32. Bf3 h5 33. Rxa7 Qe6 34. Qd8+ 1-0

[Event "POL-chT3 Wielkopolskie 1516"]
[Site "Poland"]
[Date "2016.01.10"]
[Round "1.9"]
[White "Huchwajda, Lukasz"]
[Black "Smierzchalski, Dawid"]
[Result "0-1"]
[WhiteElo "1932"]
[BlackElo "2045"]
[PlyCount "127"]
[EventDate "2016.01.10"]
[EventType "team-tourn"]
[EventRounds "11"]
[EventCountry "POL"]
[SourceTitle "EXT 2019"]
[Source "ChessBase"]
[SourceDate "2018.10.10"]
[SourceVersion "1"]
[SourceVersionDate "2018.10.10"]
[SourceQuality "1"]

1. c4 Nf6 2. g3 e6 3. Bg2 Be7 4. Nf3 0-0 5. 0-0 b6 6. b3 Bb7 7. Bb2 c5 8. e3 d6 9. Nc3 Nbd7 10. Qe2 a6 11. Rfd1 Qc7 12. Rac1 Rac8 13. d4 cxd4 14. exd4 Qb8 15. Ba3 Rfe8 16. Nd2 Bxg2 17. Kxg2 b5 18. cxb5 axb5 19. Nxb5 Qa8+ 20. Kg1 Qa6 21. Nb1 Rb8 22. N5c3 Qa5 23. b4 Qa7 24. b5 Nb6 25. Bb4 Ra8 26. Rc2 Qb7 27. Rdc1 Bf8 28. Qd3 Reb8 29. Rb2 Rc8 30. Rbc2 Rc4 31. a3 d5 32. Bxf8 Kxf8 33. Nd2 Rc7 34. a4 Nc4 35. Nb3 g6 36. a5 Nxa5 37. Nc5 Qc8 38. N3a4 Nc4 39. b6 Rxa4 40. Nxa4 Rb7 41. Rb1 Nd7 42. Qc3 Kg7 43. Nc5 Rxb6 44. Rxb6 Ndxb6 45. Ra2 Qd8 46. Qf3 Qe7 47. h4 h5 48. Nd3 Nd6 49. Ne5 Nf5 50. Qd3 Nc8 51. Nc6 Qb7 52. Qc2 Ncd6 53. Rb2 Qa6 54. Rb8 Qa3 55. Qe2 Qc1+ 56. Kg2 Qxc6 57. Qe5+ f6 58. Qxe6 Qc7 59. Rg8+ Kh7 60. Rf8 Qg7 61. Rd8 Kh6 62. Rd7 Qf8 63. Qxd5 Qb8 64. Qe6 0-1

[Event "POL-chT3 Wielkopolskie 1415"]
[Site "Poland"]
[Date "2015.01.18"]
[Round "5.4"]
[White "Kaczmarek, Piotr"]
[Black "Huchwajda, Lukasz"]
[Result "1-0"]
[WhiteElo "1813"]
[BlackElo "2010"]
[PlyCount "117"]
[EventDate "2014.11.30"]
[EventType "team-tourn"]
[EventRounds "11"]
[EventCountry "POL"]
[SourceTitle "EXT 2019"]
[Source "ChessBase"]
[SourceDate "2018.10.10"]
[SourceVersion "1"]
[SourceVersionDate "2018.10.10"]
[SourceQuality "1"]

1. e4 e6 2. d4 d5 3. e5 c5 4. c3 Nc6 5. Nf3 Bd7 6. Be2 Nge7 7. 0-0 Rc8 8. a3 Nf5 9. g4 Nh4 10. Be3 Nxf3+ 11. Bxf3 Na5 12. Nd2 cxd4 13. Bxd4 Be7 14. Be2 0-0 15. f4 f6 16. Bd3 Nc6 17. Qe2 fxe5 18. fxe5 Nxd4 19. cxd4 Bg5 20. Rxf8+ Qxf8 21. Rf1 Qe7 22. Nf3 Bf4 23. h4 Ba4 24. Kg2 Rc1 25. Rxc1 Bxc1 26. Bc2 Qd7 27. b3 Bb5 28. Bxh7+ Kf8 29. Bd3 Bxd3 30. Qxd3 Ke7 31. a4 Kd8 32. Qc2 Be3 33. b4 Qf7 34. Qc5 b6 35. Qd6+ Kc8 36. Qc6+ Kb8 37. a5 Qc7 38. Qe8+ Kb7 39. Qb5 Qc2+ 40. Kh3 Qf2 41. a6+ Kc7 42. Ng5 Bxg5 43. hxg5 Qf3+ 44. Kh2 Qf2+ 45. Kh3 Qxd4 46. Qe8 Qxe5 47. b5 Qxg5 48. Qc6+ Kd8 49. Qa8+ Ke7 50. Qxa7+ Kf6 51. Qxb6 Qf4 52. Qd8+ Kg6 53. Qe8+ Kh7 54. Qxe6 Qf1+ 55. Kh4 Qxb5 56. a7 Qb7 57. Qe3 Qa8 58. Qb6 Qf8 59. Qb1+ 1-0

[Event "POL-chT2 U18"]
[Site "Augustow"]
[Date "1996.??.??"]
[Round "?"]
[White "Huchwajda, Lukasz"]
[Black "Kolodziejski, Damian"]
[Result "0-1"]
[WhiteElo "1800"]
[BlackElo "1800"]
[PlyCount "74"]
[EventDate "1996.??.??"]
[EventType "team"]
[EventRounds "10"]
[EventCountry "POL"]
[SourceTitle "EXT 2003"]
[Source "ChessBase"]
[SourceDate "2002.11.25"]
[SourceVersion "1"]
[SourceVersionDate "2002.11.25"]
[SourceQuality "1"]

1. e4 e6 2. d4 d5 3. Nc3 Nf6 4. Bg5 Be7 5. e5 Nfd7 6. Bxe7 Qxe7 7. f4 a6 8. Nf3 c5 9. Be2 Nc6 10. 0-0 cxd4 11. Nxd4 Qc5 12. Kh1 Qxd4 13. Qe1 Qb6 14. Rb1 Qc7 15. Qg3 g6 16. Qh4 Qd8 17. Qh6 Qe7 18. Bd3 Nb4 19. Rf3 Nxd3 20. Rxd3 Nb6 21. Qg7 Qf8 22. Qf6 Nd7 23. Qh4 h6 24. Re1 Qe7 25. Qg3 Nc5 26. Rd2 b5 27. b4 Nd7 28. Nxd5 exd5 29. e6 fxe6 30. Qxg6+ Kd8 31. Rxe6 Qxb4 32. Rde2 Qxf4 33. Re8+ Rxe8 34. Rxe8+ Kc7 35. h3 Bb7 36. Re7 Qd6 37. Qh7 Rf8 0-1

[Event "POL-chT2 U18"]
[Site "Augustow"]
[Date "1996.??.??"]
[Round "?"]
[White "Turecki, Piotr"]
[Black "Huchwajda, Lukasz"]
[Result "0-1"]
[WhiteElo "2065"]
[BlackElo "1800"]
[PlyCount "62"]
[EventDate "1996.??.??"]
[EventType "team"]
[EventRounds "10"]
[EventCountry "POL"]
[SourceTitle "EXT 2003"]
[Source "ChessBase"]
[SourceDate "2002.11.25"]
[SourceVersion "1"]
[SourceVersionDate "2002.11.25"]
[SourceQuality "1"]

1. e4 c5 2. Nf3 e6 3. d4 cxd4 4. Nxd4 Nf6 5. Nc3 Nc6 6. Ndb5 Bb4 7. Bd2 a6 8. a3 Be7 9. e5 Nxe5 10. Nd4 Nc6 11. Be3 d5 12. f4 Nxd4 13. Bxd4 Bd7 14. Be2 Rc8 15. Qd2 b5 16. Qe3 Qc7 17. b4 0-0 18. g4 Qc6 19. Bf3 Bd6 20. g5 Ne8 21. 0-0 Nc7 22. Rf2 Rfe8 23. h4 Na8 24. h5 Bc7 25. a4 Bb6 26. Bxb6 Qxb6 27. Qxb6 Nxb6 28. Ra3 Nxa4 29. Nxa4 bxa4 30. Be2 Bb5 31. Kg2 Rxc2 0-1